000 00437nam a2200181 4500
003 SEACOMEC
005 20240417133041.0
008 231007b |||||||| |||| 00| 0 eng d
040 _aSEACOMEC
082 _a512.5
_bL426
100 1 _aLay, David C.
245 1 _aLinear algebra and its applications
_cDavid C. Lay
250 _a2nd ed.
260 _aDelhi
_bPearson
_c2000
650 _aMathematics
650 _aAlgebra
942 _cBOOK
999 _c208
_d208